[Event "South FR-ch"]
[Site "Maikop"]
[Date "2018.03.27"]
[Round "4"]
[White "Smirnov, Alexander V"]
[Black "Udovichenko, Nikolai"]
[Result "0-1"]
[WhiteElo "2069"]
[BlackElo "2175"]
[PlyCount "114"]
[EventDate "2018.03.24"]
[EventType "swiss"]
[EventRounds "9"]
[EventCountry "RUS"]
[SourceTitle "EXT 2019"]
[Source "ChessBase"]
[SourceDate "2018.10.10"]
[SourceVersion "1"]
[SourceVersionDate "2018.10.10"]
[SourceQuality "1"]

1. Nf3 Nf6 2. d4 d5 3. c4 dxc4 4. e3 e6 5. Bxc4 c5 6. 0-0 a6 7. a4 b6 8. Nc3 Bb7 9. Qe2 Nc6 10. Rd1 Qc7 11. d5 exd5 12. Nxd5 Nxd5 13. Bxd5 Be7 14. e4 0-0 15. g3 Nb4 16. Bf4 Qc8 17. Bc4 Qg4 18. Kg2 Bc8 19. Ng1 Qxe2 20. Nxe2 Ra7 21. Rd2 Rd7 22. Rad1 Rfd8 23. Rxd7 Rxd7 24. Rxd7 Bxd7 25. Nc3 Bd8 26. Bd6 Bc6 27. f3 g6 28. Kf2 Kg7 29. Ke2 Bb7 30. Nd5 Nxd5 31. exd5 Kf6 32. Ke3 Kg7 33. f4 f6 34. g4 Kf7 35. h4 Ke8 36. f5 gxf5 37. gxf5 Kd7 38. Bf8 Be7 39. Bh6 Bd6 40. b3 Be5 41. h5 Bb2 42. Ke4 Be5 43. Be3 Kd6 44. b4 cxb4 45. Bxb6 Bc8 46. h6 Bc3 47. Be3 Bd7 48. Bf4+ Ke7 49. Bb3 Bb2 50. d6+ Kf8 51. a5 Bc3 52. Be6 Ke8 53. Bg8 Kf8 54. Bxh7 b3 55. Kd3 b2 56. Kc2 Bc6 57. d7 Ke7 0-1

[Event "South FR-ch"]
[Site "Maikop"]
[Date "2018.03.24"]
[Round "1"]
[White "Baranov, Viacheslav"]
[Black "Smirnov, Alexander V"]
[Result "1-0"]
[WhiteElo "1648"]
[BlackElo "2069"]
[PlyCount "85"]
[EventDate "2018.03.24"]
[EventType "swiss"]
[EventRounds "9"]
[EventCountry "RUS"]
[SourceTitle "EXT 2019"]
[Source "ChessBase"]
[SourceDate "2018.10.10"]
[SourceVersion "1"]
[SourceVersionDate "2018.10.10"]
[SourceQuality "1"]

1. d4 Nf6 2. Nf3 c5 3. e3 g6 4. c4 Bg7 5. Nc3 0-0 6. Bd3 cxd4 7. exd4 d5 8. 0-0 dxc4 9. Bxc4 Bg4 10. h3 Bxf3 11. Qxf3 Nc6 12. Rd1 Nxd4 13. Qxb7 Rc8 14. Ba6 Rb8 15. Qxa7 e5 16. Bf1 Qd6 17. Bc4 Qb4 18. Bf1 Rfc8 19. Qa4 Qc5 20. Rd3 Rb4 21. Qd1 e4 22. a3 Rc4 23. Rd2 Rxc3 24. bxc3 Ne6 25. Rd6 Ne8 26. Rd7 Bxc3 27. Be3 Qe5 28. Rc1 f5 29. Qd5 Qxd5 30. Rxd5 Rc7 31. Bb5 Nf6 32. Rd6 Kf7 33. Bb6 Rc8 34. Ba6 Bb4 35. Bxc8 Bxd6 36. Bxe6+ Kxe6 37. a4 Nd5 38. a5 f4 39. Bd4 e3 40. a6 e2 41. Re1 f3 42. gxf3 Nf4 43. a7 1-0

[Event "Yuzhny FO-ch op"]
[Site "Armavir"]
[Date "2015.02.??"]
[Round "9"]
[White "Smirnov, Alexander V"]
[Black "Ermolov, Vasily"]
[Result "0-1"]
[WhiteElo "2003"]
[BlackElo "1885"]
[PlyCount "160"]
[EventDate "2015.02.13"]
[EventType "swiss"]
[EventRounds "9"]
[EventCountry "RUS"]
[SourceTitle "CBM 165 Extra"]
[Source "ChessBase"]
[SourceDate "2015.04.21"]
[SourceVersion "1"]
[SourceVersionDate "2015.04.21"]
[SourceQuality "1"]

1. d4 Nf6 2. c4 e6 3. g3 d5 4. Nf3 c5 5. cxd5 exd5 6. Bg2 Nc6 7. 0-0 Be6 8. Nc3 Be7 9. dxc5 Bxc5 10. Bg5 0-0 11. Rc1 Be7 12. Qa4 Qb6 13. Qb5 d4 14. Qxb6 axb6 15. Bxf6 Bxf6 16. Ne4 Rxa2 17. Nxf6+ gxf6 18. Rfd1 Rxb2 19. Nxd4 Nxd4 20. Rxd4 Rxe2 21. Bxb7 Rb8 22. Bf3 Rb2 23. h4 f5 24. h5 h6 25. g4 fxg4 26. Bxg4 f5 27. Rd6 Re8 28. Bf3 Kf7 29. Rcc6 b5 30. Bd5 Rb1+ 31. Kh2 Re1 32. Rxe6 R8xe6 33. Rb6 Kf6 34. Bxe6 Rxe6 35. Rxb5 Kg5 36. Kg3 Rf6 37. f3 Kxh5 38. Kf4 Kg6 39. Rb1 Rc6 40. Rg1+ Kf6 41. Rh1 Rc4+ 42. Kg3 Kg5 43. Ra1 h5 44. Ra3 h4+ 45. Kh3 Rd4 46. Rb3 Rd1 47. Rb4 Rd3 48. Kg2 Rd2+ 49. Kg1 h3 50. Ra4 Rg2+ 51. Kh1 Rf2 52. Ra8 Rxf3 53. Kh2 Kg4 54. Rg8+ Kf4 55. Ra8 Re3 56. Ra4+ Kf3 57. Kxh3 f4 58. Kh2 Re2+ 59. Kg1 Kg3 60. Kf1 Rf2+ 61. Ke1 Rb2 62. Ra8 Rb1+ 63. Kd2 Kf2 64. Rh8 Rg1 65. Rh7 f3 66. Rh8 Rg5 67. Rd8 Re5 68. Rd7 Kf1 69. Rf7 Kf2 70. Rd7 Re4 71. Rd8 Re2+ 72. Kd1 Rb2 73. Rd7 Kf1 74. Rd8 Rb4 75. Kd2 f2 76. Rd7 Re4 77. Rd8 Re2+ 78. Kd1 Re1+ 79. Kd2 Kg2 80. Rg8+ Kh3 0-1